Suprarrenales bajo el punto de vista quirúrgico / (Record no. 136695)

MARC details
000 -LEADER
campo de control de longitud fija 00649nam a2200193 4500
001 - NÚMERO DE CONTROL
campo de control 136695
003 - IDENTIFICADOR DE NÚMERO DE CONTROL
campo de control ES-MaACL
005 - FECHA Y HORA DE LA ÚLTIMA TRANSACCIÓN
campo de control 20231228062701.0
007 - CAMPO FIJO DE DESCRIPCIÓN FÍSICA--INFORMACIÓN GENERAL
campo de control de longitud fija t|
008 - DATOS DE LONGITUD FIJA--INFORMACIÓN GENERAL
campo de control de longitud fija 070214s1959 sp r ||||1| spa d
100 1# - ENTRADA PRINCIPAL--NOMBRE DE PERSONA
Nombre de persona Sala de Pablo, J.
9 (RLIN) 101661
245 10 - MENCIÓN DEL TÍTULO
Título Suprarrenales bajo el punto de vista quirúrgico /
Mención de responsabilidad, etc. por J. Sala de Pablo ; prólogo del doctor D. Gregorio Marañón.
250 ## - MENCION DE EDICION
Mención de edición 1ª ed.
260 ## - PUBLICACIÓN, DISTRIBUCIÓN, ETC.
Lugar de publicación, distribución, etc. Soria :
Nombre del editor, distribuidor, etc. [s. n.],
Fecha de publicación, distribución, etc. 1959 (
Fabricante Tip. de la Casa de Observación)
300 ## - DESCRIPCIÓN FÍSICA
Extensión XXVII, 315 p. :
Otras características físicas il. ;
Dimensiones 25 cm.
700 1# - ENTRADA AGREGADA--NOMBRE PERSONAL
Nombre de persona Marañón, Gregorio,
Fechas asociadas al nombre 1887-1960
9 (RLIN) 76311
852 ## - LOCALIZACIÓN
Ubicación ES-MaACL
Número de control de estantería C-17615
Sublocalización o colección R.45661
Holdings
Estatus retirado Estado de pérdida Estado de daño No para préstamo Biblioteca de origen Biblioteca actual Ubicación en estantería Fecha de adquisición Fuente de adquisición Total de préstamos Signatura topográfica completa Código de barras Visto por última vez Precio de reemplazo Tipo de ítem Koha
        Biblioteca del Ateneo de Madrid Biblioteca del Ateneo de Madrid Galería 17/01/2008     C-17615 1142261 23/02/2023 23/02/2023 Libro impreso